MARC details
| 000 -CABECERA |
| campo de control de longitud fija |
03855nam a2200505Ia 4500 |
| 001 - NÚMERO DE CONTROL |
| campo de control |
dia_6687 |
| 003 - IDENTIFICADOR DEL NÚMERO DE CONTROL |
| campo de control |
CHAP |
| 005 - FECHA Y HORA DE LA ÚLTIMA TRANSACCIÓN |
| campo de control |
20240801172907.0 |
| 007 - CAMPO FIJO DE DESCRIPCIÓN FÍSICA--INFORMACIÓN GENERAL |
| campo de control de longitud fija |
ta |
| 008 - DATOS DE LONGITUD FIJA--INFORMACIÓN GENERAL |
| campo de control de longitud fija |
220601s2017 mx ad frm 001 0 spa d |
| 040 ## - FUENTE DE LA CATALOGACIÓN |
| Centro catalogador/agencia de origen |
mxchpua |
| Centro/agencia transcriptor |
CHAP |
| 041 0# - CÓDIGO DE LENGUA |
| Código de lengua del texto/banda sonora o título independiente |
spa |
| Código de lengua del sumario o resumen |
eng |
| 090 ## - LOCALMENTE ASIGNADO TIPO-LC NÚMERO DE CLASIFICACIÓN (OCLC); NÚMERO DE CLASIFICACIÓN LOCAL (RLIN) |
| Número de clasificación (OCLC) (R) ; Numero de clasificación, CALL (RLIN) (NR) |
Tesis |
| Número cutter local (OCLC) ; Número de libro/Signatura topográfica íntegra, CALL (RLIN) |
S265 |
| año |
2017 |
| 100 1# - ENTRADA PRINCIPAL--NOMBRE DE PERSONA |
| Nombre de persona |
Santiago Carrada, Soledad |
| 240 10 - TÍTULO UNIFORME |
| Título uniforme |
Determination of biochemical potential of endogenous methane in nopal (Opuntia ficusindica L.) Milpa Alta variety in cow manure co-digestion. |
| Lenguaje de la obra |
Español |
| 245 10 - MENCIÓN DE TÍTULO |
| Título |
Determinación del potencial bioquímico de metano endógeno en co-digestión de nopal (Opuntia ficus-indica L.) variedad Milpa Alta y estiércol de bovino / |
| Mención de responsabilidad, etc. |
Soledad Santiago Carrada |
| 264 ## - PRODUCCIÓN, PUBLICACIÓN, DISTRIBUCIÓN, FABRICACIÓN Y COPYRIGHT |
| Producción, publicación, distribución, fabricación y copyright |
Chapingo, México : |
| Nombre del de productor, editor, distribuidor, fabricante |
El autor, |
| Fecha de producción, publicación, distribución, fabricación o copyright |
2017 |
| 300 ## - DESCRIPCIÓN FÍSICA |
| Extensión |
80 hojas : |
| Otras características físicas |
ilustraciones, gráficas, diagramas, tablas + |
| Material acompañante/anejo |
1 CD-ROM |
| 336 ## - TIPO DE CONTENIDO |
| Fuente |
rdacontent |
| Término de tipo de contenido |
texto |
| Código de tipo de contenido |
txt |
| 337 ## - TIPO DE MEDIO |
| Fuente |
rdamedia |
| Nombre/término del tipo de medio |
no mediado |
| Código del tipo de medio |
n |
| 338 ## - TIPO DE SOPORTE |
| Fuente |
rdacarrier |
| Nombre/término del tipo de soporte |
volumen |
| Código del tipo de soporte |
nc |
| 500 ## - NOTA GENERAL |
| Nota general |
El CD contiene reporte |
| 502 ## - NOTA DE TESIS |
| Nota de tesis |
Tesis |
| Tipo de título |
(Ingeniero Agroindustrial) -- |
| Nombre de la institución que otorga el título |
UACh. Departamento de Ingeniería Agroindustrial, |
| Año de obtención del título |
2017 |
| 504 ## - NOTA DE BIBLIOGRAFÍA, ETC. |
| Nota de bibliografía, etc. |
Bibliografía: hojas 73-77 |
| 520 3# - SUMARIO, ETC. |
| Sumario, etc. |
En este trabajo se obtuvo el Potencial Bioquímico de metano residual (PBM) en efluentes procedentes de un proceso de DA en co-digestión de nopal (Opuntia ficus indica L.) variedad Milpa Alta con estiércol de bovino; y efluentes de estiércol de bovino, como monosustrato. Los tratamientos fueron comparados con controles positivos, celulosa y efluente a las concentraciones de ST iniciales. Adicionalmente, como parte de un estudio exploratorio se analizaron muestras de efluentes con 20 y 80% de agua. Los resultados experimentales demostraron que existe PBM residual del orden de 55.72±15.12 𝑚𝐿 𝐶𝐻4 ∙ 𝑔SV inicial −1 procedentes en tratamientos de co-digestión y 46.17±4.19 𝑚𝐿 𝐶𝐻4 ∙𝑔SVinicial −1 para efluente 100% estiércol. Los resultados obtenidos fueron simulados con el modelo de Gompertz, lo que permitió determinar la fase de latencia y la velocidad de producción de metano. Una post-metanización podría ser recomendable para recuperar el metano residual. -- |
| 520 3# - SUMARIO, ETC. |
| Sumario, etc. |
This study obtained the Residual Biochemical Methane Potential (BMP) in effluent from of DA process in codigestion of nopal (Opuntia ficus indica L.) with cow manure; and effluent of cow manure, as monosustate. The treatments were compare with positive control, cellulose and effluent at concentrations of TS initials. Additionally, as part of an exploratory study were analyzed samples of effluent with 20% and 80% of water. Experimental results showed that the residual BMP was 55.72±15.12 𝑚𝐿 𝐶𝐻4∙𝑔SV inicial −1 in treatments from co-digestion and 46.17±4.19 𝑚𝐿 𝐶𝐻4 ∙ 𝑔SVinicial −1 in effluent of cow manure. The results obtained were simulate with the Gompertz model, what allows determining the latent phase and production speed of methane. A post-methanation could be recommendable to recover residual methane. |
| 650 13 - PUNTO DE ACCESO ADICIONAL DE MATERIA--TÉRMINO DE MATERIA |
| Término de materia o nombre geográfico como elemento de entrada |
Opuntia |
| Subdivisión general |
Metano |
| Fuente del encabezamiento o término |
atg |
| 650 13 - PUNTO DE ACCESO ADICIONAL DE MATERIA--TÉRMINO DE MATERIA |
| Término de materia o nombre geográfico como elemento de entrada |
Estiércol de ganado |
| Fuente del encabezamiento o término |
atg |
| 650 13 - PUNTO DE ACCESO ADICIONAL DE MATERIA--TÉRMINO DE MATERIA |
| Término de materia o nombre geográfico como elemento de entrada |
Modelos matemáticos |
| Fuente del encabezamiento o término |
atg |
| 650 13 - PUNTO DE ACCESO ADICIONAL DE MATERIA--TÉRMINO DE MATERIA |
| Término de materia o nombre geográfico como elemento de entrada |
Producción de metano |
| Fuente del encabezamiento o término |
atg |
| 650 13 - PUNTO DE ACCESO ADICIONAL DE MATERIA--TÉRMINO DE MATERIA |
| Término de materia o nombre geográfico como elemento de entrada |
Opuntia |
| Subdivisión general |
Methane |
| Fuente del encabezamiento o término |
atg |
| 650 13 - PUNTO DE ACCESO ADICIONAL DE MATERIA--TÉRMINO DE MATERIA |
| Término de materia o nombre geográfico como elemento de entrada |
Cattle manure |
| Fuente del encabezamiento o término |
atg |
| 650 13 - PUNTO DE ACCESO ADICIONAL DE MATERIA--TÉRMINO DE MATERIA |
| Término de materia o nombre geográfico como elemento de entrada |
Mathematical models |
| Fuente del encabezamiento o término |
atg |
| 650 13 - PUNTO DE ACCESO ADICIONAL DE MATERIA--TÉRMINO DE MATERIA |
| Término de materia o nombre geográfico como elemento de entrada |
Methane production |
| Fuente del encabezamiento o término |
atg |
| 700 1# - PUNTO DE ACCESO ADICIONAL--NOMBRE DE PERSONA |
| Nombre de persona |
González Rangel, María del Carmen |
| Término indicativo de función/relación |
directora |
| 700 1# - PUNTO DE ACCESO ADICIONAL--NOMBRE DE PERSONA |
| Nombre de persona |
Espinosa Solares, Teodoro |
| Término indicativo de función/relación |
asesor |
| 700 1# - PUNTO DE ACCESO ADICIONAL--NOMBRE DE PERSONA |
| Nombre de persona |
Espejel Zaragoza, José Alfredo |
| Término indicativo de función/relación |
asesor |
| 856 41 - LOCALIZACIÓN Y ACCESO ELECTRÓNICOS |
| Identificador Uniforme del Recurso |
<a href="http://10.13.5.2/tesis/sist114384.pdf">http://10.13.5.2/tesis/sist114384.pdf</a> |
| Texto de enlace |
DESCARGAR PDF |
| 901 ## - ELEMENTOS DE DATOS A LOCAL LDA (RLIN) |
| a |
TESIS S265 2017 |
| 942 ## - ELEMENTOS DE PUNTO DE ACCESO ADICIONAL (KOHA) |
| Tipo de ítem Koha |
TESIS |
| Fuente del sistema de clasificación o colocación |
Clasificación Universidad Autónoma Chapingo |
| 902 ## - ELEMENTOS DE DATOS B LOCAL, LDB (RLIN) |
| a |
M |
| 905 ## - ELEMENTOS DE DATOS E LOCAL, LDE (RLIN) |
| a |
5232272017 mx nm 8223123322spa16 |